Quản trị rủi ro và khủng hoảng

Αποθηκεύτηκε σε:
Λεπτομέρειες βιβλιογραφικής εγγραφής
Κύριος συγγραφέας: Đoàn, Thị Hồng Vân
Άλλοι συγγραφείς: Kim, Ngọc Đạt
Μορφή: Βιβλίο
Γλώσσα:Undetermined
Έκδοση: H. Lao động Xã hội 2009
Θέματα:
Διαθέσιμο Online:http://lrc.tdmu.edu.vn/opac/search/detail.asp?aID=2&ID=3993
Ετικέτες: Προσθήκη ετικέτας
Δεν υπάρχουν, Καταχωρήστε ετικέτα πρώτοι!
Thư viện lưu trữ: Trung tâm Học liệu Trường Đại học Thủ Dầu Một
LEADER 00740nam a2200205Ia 4500
001 TDMU_3993
008 210410s9999 xx 000 0 und d
082 |a 658 
090 |b D65 
100 |a Đoàn, Thị Hồng Vân 
245 0 |a Quản trị rủi ro và khủng hoảng 
245 0 |c Đoàn Thị Hồng Vân (Ch.b.), Kim Ngọc Đạt, Hà Đức Sơn 
260 |a H. 
260 |b Lao động Xã hội 
260 |c 2009 
300 |a 415tr. 
650 |a Quản trị kinh doanh; Quản trị rủi ro; Quản trị khủng hoảng 
700 |a Kim, Ngọc Đạt 
856 |u http://lrc.tdmu.edu.vn/opac/search/detail.asp?aID=2&ID=3993 
980 |a Trung tâm Học liệu Trường Đại học Thủ Dầu Một